000 01403nam a2200325 a 4500
003 BLK
005 20250728173755.0
008 180411b bul|||||r ||||||| ||bul||
020 _a9786191650408
040 _aBLK
041 _aBUL
_cBUL
080 _aАмериканска литература (на САЩ)
_b821.111(73)
_x-31
_z821.111(73)-31
100 _aБраун, Сандра
_d1948-
_gАмериканска писателка
_9241650
245 1 0 _aИндиго плейс 22
_bРоман
_cСандра Браун ; прев. от англ. Людмила Евтимова.
250 _a2. изд.
257 _aUSA
260 _aСофия
_bЕргон
_c2015
_fСофия : Инвестпрес
300 _a256 с.
_c20 см
380 _aX
490 _aБиблиотека Любов и Съдба
500 _a1. изд. 1995 на изд. Коала в Малка романтична библиотека. - Ориг. загл. 22 Indigo Place / Sandra Brown.
700 _aЕвтимова, Людмила Антониова
_gПреводачка от английски език
_9244759
852 _aЦб 276616
_bЦб
856 4 _qpdf
856 4 _qpdf
942 _cKNG
_n0
_032
944 _aCR
_c09.09.2015
_lЦветомила Тодорова
_k30576
944 _aED
_c2023
_kКети
999 _c172992
_d172992